| 000 | 005810000a22001810004500 | ||
|---|---|---|---|
| 003 | MACL | ||
| 005 | 20160505133603.0 | ||
| 008 | 160505b xxu||||| |||| 00| 0 eng d | ||
| 040 |
_aMACL _cMACL |
||
| 041 | _aHindi | ||
| 082 | _a800 CHA | ||
| 100 |
_aचौहान, चंचल _955302 |
||
| 245 |
_aआलोचना की शुरूआत _cचंचल चौहान |
||
| 260 |
_aनई दिल्ली _bशंकर पब्लिकेशन्स _c2009 |
||
| 350 | _a625 | ||
| 650 |
_aसाहित्य _955303 |
||
| 942 |
_cHIN _k800/CHA _2ddc |
||
| 999 |
_c46976 _d46976 |
||